Профессору Н. Г. Маркову - 60 лет; Известия Томского политехнического университета [Известия ТПУ]; Т. 317, № 5 : Управление, вычислительная техника и информатика

Մատենագիտական մանրամասներ
Parent link:Известия Томского политехнического университета [Известия ТПУ]/ Томский политехнический университет (ТПУ).— , 2000-
Т. 317, № 5 : Управление, вычислительная техника и информатика.— 2010.— [С. 216-217]
Ամփոփում:Заглавие с титульного листа
Электронная версия печатной публикации
Լեզու:ռուսերեն
Հրապարակվել է: 2010
Շարք:Наши юбиляры
Խորագրեր:
Առցանց հասանելիություն:http://www.lib.tpu.ru/fulltext/v/Bulletin_TPU/2010/v317/i5/45.pdf
Ձևաչափ: MixedMaterials Էլեկտրոնային Գրքի գլուխ
KOHA link:https://koha.lib.tpu.ru/cgi-bin/koha/opac-detail.pl?biblionumber=193917

MARC

LEADER 00000nla2a2200000 4500
001 193917
005 20231031182106.0
035 |a (RuTPU)RU\TPU\book\211468 
035 |a RU\TPU\book\211467 
090 |a 193917 
100 |a 20110330d2010 k y0rusy50 ca 
101 0 |a rus 
102 |a RU 
135 |a drnn ---uucaa 
181 0 |a i  
182 0 |a b 
200 1 |a Профессору Н. Г. Маркову - 60 лет  |b Электронный ресурс 
203 |a Текст  |c электронный 
215 |a 1 файл (144 Кб) 
225 1 |a Наши юбиляры 
230 |a Электронные текстовые данные (1 файл : 144 Кб) 
300 |a Заглавие с титульного листа 
300 |a Электронная версия печатной публикации 
337 |a Adobe Reader 
461 1 |0 (RuTPU)RU\TPU\book\176237  |t Известия Томского политехнического университета [Известия ТПУ]  |f Томский политехнический университет (ТПУ)  |d 2000- 
463 1 |0 (RuTPU)RU\TPU\book\210457  |x 1684-8519  |t Т. 317, № 5 : Управление, вычислительная техника и информатика  |v [С. 216-217]  |d 2010  |p 228 с. 
600 1 |a Марков  |b Н. Г.  |c российский специалист в области информатики и вычислительной техники  |f 1950-  |g Николай Григорьевич  |c профессор Томского политехнического университета, доктор технических наук  |y Томск  |x TPU  |2 stltpush  |3 (RuTPU)RU\TPU\pers\24748 
610 1 |a труды учёных ТПУ 
610 1 |a электронный ресурс 
801 2 |a RU  |b 63413507  |c 20211224  |g PSBO 
856 4 |u http://www.lib.tpu.ru/fulltext/v/Bulletin_TPU/2010/v317/i5/45.pdf 
942 |c CF